000 00380caa a22001692a 4500
001 000438
003 AR-FADEU
008 311216n############xxu####################dd
092 _aPP(300)NOT
110 _aClaeh - Idrc - Unicef
245 _b¿Qué es la pobreza?
245 _aNotas del claeh
440 _n51
260 _cnov 1987
650 _aPOBREZA
942 _cPPGR
999 _c3216
_d3216